Seni Islam Sezaman Di Malaysia - Satu Pembicaraan (Record no. 80390)

MARC details
000 -LEADER
fixed length control field 00727nam a2200229 i 4500
001 - CONTROL NUMBER
control field C2-0272416
003 - CONTROL NUMBER IDENTIFIER
control field PPAK
005 - DATE AND TIME OF LATEST TRANSACTION
control field 20180728002007.0
008 - FIXED-LENGTH DATA ELEMENTS--GENERAL INFORMATION
fixed length control field 060809s1995 my a|||| ||||| | may d
040 ## - CATALOGING SOURCE
Original cataloging agency PPAK
Language of cataloging eng
Transcribing agency PPAK
Description conventions rda
082 04 - DEWEY DECIMAL CLASSIFICATION NUMBER
Classification number 291.175
Edition number 23
090 00 - LOCALLY ASSIGNED LC-TYPE CALL NUMBER (OCLC); LOCAL CALL NUMBER (RLIN)
Classification number (OCLC) (R) ; Classification number, CALL (RLIN) (NR) 291.175
Feature heading SEM
Feature heading KSF
100 0# - MAIN ENTRY--PERSONAL NAME
Personal name Mohamad Khalil Amran,
Relator term author
245 10 - TITLE STATEMENT
Title Seni Islam Sezaman Di Malaysia - Satu Pembicaraan
Remainder of title (Art Spirituality)
264 #1 - PRODUCTION, PUBLICATION, DISTRIBUTION, MANUFACTURE, AND COPYRIGHT NOTICE
Place of production, publication, distribution, manufacture Selangor :
Name of producer, publisher, distributor, manufacturer Balai Seni Lukis Negara Kuala Lumpur ,
Date of production, publication, distribution, manufacture, or copyright notice 1995
300 ## - PHYSICAL DESCRIPTION
Extent 19 pages :
Other physical details illustrations ;
Dimensions 30 cm
336 ## - CONTENT TYPE
Source rdacontent
Content type term text
337 ## - MEDIA TYPE
Source rdamedia
Media type term unmediated
338 ## - CARRIER TYPE
Source rdacarrier
Carrier type term volume
500 ## - GENERAL NOTE
General note Dalam Kandungan Kertas Kerja Art Spirituality
942 ## - ADDED ENTRY ELEMENTS (KOHA)
-- dc
Koha item type Book
Holdings
Withdrawn Not for loan Current library Shelving location Date acquired Full call number Barcode Date last seen Koha item type
  Not For Loan Perpustakaan Baling Koleksi Syarifah Fatimah 28/05/2006 KSF 291.175 SEM A00217746 09/05/2018 Working papers